[Event "Madrid ch Veteranos 2021"]
[Site "Madrid ESP"]
[Date "2021.04.07"]
[Round "2.8"]
[White "Martin Garcia, Luis I"]
[Black "Martinez Miura, Enrique"]
[Result "1-0"]
[WhiteElo "1831"]
[BlackElo "1547"]
[PlyCount "87"]
[EventDate "2021.04.06"]
[EventType "swiss"]
[EventRounds "7"]
[EventCountry "ESP"]
[SourceTitle "Ajedrez en Madrid"]
[Source "lmi"]
[SourceDate "2021.04.06"]
[SourceVersion "1"]
[SourceVersionDate "2021.04.18"]
[SourceQuality "1"]

1. e4 e6 2. d4 d5 3. Nc3 dxe4 4. Nxe4 Nd7 5. Nf3 Be7 6. Be3 Ngf6 7. Nxf6+ Nxf6
8. c3 O-O 9. Bd3 b6 10. Qc2 Bb7 11. O-O-O Rc8 12. h4 h5 13. Kb1 Ng4 14. Bg5 Bf6
15. Ne5 Bxg5 16. Nxg4 Bf4 17. Be4 Bxe4 18. Qxe4 Bd6 19. Ne5 Bxe5 20. dxe5 Qe7
21. Qe2 g6 22. g4 hxg4 23. Qxg4 Qc5 24. f4 Qe3 25. h5 Qe4+ 26. Ka1 Qf5 27. Rdg1
Qxg4 28. Rxg4 Kg7 29. hxg6 fxg6 30. Rhg1 Rg8 31. Rxg6+ Kf7 32. Rxg8 Rxg8 33.
Rxg8 Kxg8 34. Kb1 Kf7 35. Kc2 Kg6 36. Kd3 Kf5 37. Ke3 c5 38. Kf3 b5 39. a3 a6
40. Ke3 a5 41. Kf3 c4 42. Ke3 Kg4 43. Ke4 Kg3 44. f5 1-0

[Event "Madrid ch Veteranos 2021"]
[Site "Madrid ESP"]
[Date "2021.04.07"]
[Round "2.9"]
[White "Cabañas Bravo, Juan Andres"]
[Black "Peñas Merino, Ramona"]
[Result "1-0"]
[WhiteElo "1971"]
[BlackElo "1434"]
[PlyCount "49"]
[EventDate "2021.04.06"]
[EventType "swiss"]
[EventRounds "7"]
[EventCountry "ESP"]
[SourceTitle "Ajedrez en Madrid"]
[Source "lmi"]
[SourceDate "2021.04.06"]
[SourceVersion "1"]
[SourceVersionDate "2021.04.18"]
[SourceQuality "1"]

1. e4 e6 2. d4 d5 3. Nd2 Nf6 4. e5 Nfd7 5. Bd3 c5 6. c3 cxd4 7. cxd4 Nc6 8. Ne2
f6 9. Nf4 Nxd4 10. Qh5+ Ke7 11. Ng6+ hxg6 12. exf6+ gxf6 13. Qxh8 Ne5 14. Qh7+
Kd6 15. Bxg6 Nxg6 16. Qxg6 f5 17. O-O Qb6 18. Nb3 Ne2+ 19. Kh1 Nxc1 20. Raxc1
Bd7 21. Qg3+ Ke7 22. Rc7 Kd8 23. Rfc1 Bc6 24. Rh7 Qb4 25. Qc7+ 1-0

[Event "Madrid ch Veteranos 2021"]
[Site "Madrid ESP"]
[Date "2021.04.07"]
[Round "2.10"]
[White "Marin Aso, Jose Luis"]
[Black "Ramos Antona, Enrique"]
[Result "1-0"]
[WhiteElo "1910"]
[BlackElo "1471"]
[PlyCount "41"]
[EventDate "2021.04.06"]
[EventType "swiss"]
[EventRounds "7"]
[EventCountry "ESP"]
[SourceTitle "Ajedrez en Madrid"]
[Source "lmi"]
[SourceDate "2021.04.06"]
[SourceVersion "1"]
[SourceVersionDate "2021.04.18"]
[SourceQuality "1"]

1. e4 e5 2. Nf3 Nf6 3. Nxe5 d6 4. Nf3 Nxe4 5. d4 d5 6. Bd3 Nc6 7. O-O Be7 8.
Re1 O-O 9. c4 Nb4 10. cxd5 Qxd5 11. Bxe4 Qc4 12. Nc3 Bg4 13. Ne5 Bxd1 14. Nxc4
Bf6 15. Rxd1 Rad8 16. Be3 Rfe8 17. a3 c5 18. dxc5 Bxc3 19. bxc3 Rxe4 20. Rxd8+
Re8 21. Rxe8# 1-0

[Event "Madrid ch Veteranos 2021"]
[Site "Madrid ESP"]
[Date "2021.04.07"]
[Round "2.11"]
[White "Vukotic Jovsic, Dragan"]
[Black "Infante Martin, Alonso"]
[Result "1-0"]
[WhiteElo "1873"]
[BlackElo "1404"]
[PlyCount "47"]
[EventDate "2021.04.06"]
[EventType "swiss"]
[EventRounds "7"]
[EventCountry "ESP"]
[SourceTitle "Ajedrez en Madrid"]
[Source "lmi"]
[SourceDate "2021.04.06"]
[SourceVersion "1"]
[SourceVersionDate "2021.04.18"]
[SourceQuality "1"]

1. d4 Nf6 2. Bf4 d6 3. Nf3 Nbd7 4. e3 e6 5. Bd3 Be7 6. h3 c6 7. Nbd2 Nf8 8. Qe2
Ng6 9. Bg3 d5 10. O-O-O b5 11. e4 dxe4 12. Nxe4 Nd5 13. Qd2 a5 14. Ne5 Nxe5 15.
dxe5 Nb4 16. Nd6+ Kf8 17. Qf4 f6 18. exf6 Bxf6 19. Be4 Bd7 20. Nb7 Qe7 21. Qc7
Nxa2+ 22. Kb1 Nc3+ 23. bxc3 Bxc3 24. Bd6 1-0

[Event "Madrid ch Veteranos 2021"]
[Site "Madrid ESP"]
[Date "2021.04.07"]
[Round "2.12"]
[White "Martin Garcia, Francisco Javier"]
[Black "Pashov, Spas Nikolov"]
[Result "0-1"]
[WhiteElo "1428"]
[BlackElo "1777"]
[PlyCount "78"]
[EventDate "2021.04.06"]
[EventType "swiss"]
[EventRounds "7"]
[EventCountry "ESP"]
[SourceTitle "Ajedrez en Madrid"]
[Source "lmi"]
[SourceDate "2021.04.06"]
[SourceVersion "1"]
[SourceVersionDate "2021.04.18"]
[SourceQuality "1"]

1. d4 Nf6 2. Nf3 g6 3. g3 Bg7 4. Bg2 O-O 5. O-O d5 6. c4 dxc4 7. Ne5 Ne8 8. f4
Nd6 9. Na3 c6 10. e3 Be6 11. Qe2 b5 12. Nxc6 Nxc6 13. Bxc6 Rb8 14. Bd2 Qb6 15.
Bg2 Bf5 16. Rfc1 Rfc8 17. Nc2 a5 18. Ne1 Be4 19. Nf3 Rc7 20. Qe1 Ra7 21. b3 e6
22. Ne5 Bd5 23. e4 cxb3 24. axb3 Bxe5 25. fxe5 Nxe4 26. Bxe4 Qxd4+ 27. Kg2
Bxe4+ 28. Kf1 Bd3+ 29. Kg2 Qd5+ 30. Kg1 b4 31. Qf2 Rd7 32. Bh6 Bf5 33. g4 Bxg4
34. Qf6 Qd4+ 35. Kg2 Qe4+ 36. Kf1 Bh3+ 37. Kf2 Qg2+ 38. Ke3 Qd2+ 39. Ke4 Bg2+
0-1

[Event "Madrid ch Veteranos 2021"]
[Site "Madrid ESP"]
[Date "2021.04.07"]
[Round "2.13"]
[White "Carrillo Castano, Javier"]
[Black "Ureña Castellanos, Antonio"]
[Result "1-0"]
[WhiteElo "1392"]
[BlackElo "1621"]
[PlyCount "105"]
[EventDate "2021.04.06"]
[EventType "swiss"]
[EventRounds "7"]
[EventCountry "ESP"]
[SourceTitle "Ajedrez en Madrid"]
[Source "lmi"]
[SourceDate "2021.04.06"]
[SourceVersion "1"]
[SourceVersionDate "2021.04.18"]
[SourceQuality "1"]

1. e4 c5 2. Nf3 Nc6 3. Bc4 e6 4. c3 a6 5. a4 Be7 6. d3 Nf6 7. Nbd2 Rb8 8. O-O
O-O 9. Re1 e5 10. Bb3 b5 11. Bc2 d6 12. h3 Bd7 13. Nf1 Qc8 14. axb5 axb5 15.
Be3 b4 16. Ng3 bxc3 17. bxc3 Rb7 18. d4 cxd4 19. cxd4 Nb4 20. Bb1 exd4 21. Bxd4
Nc6 22. Bc3 h6 23. Nf5 Bxf5 24. exf5 Re8 25. Qd3 Nb4 26. Qd2 Nbd5 27. Ba5 Bf8
28. Ba2 Rxe1+ 29. Rxe1 Qxf5 30. Nd4 Qh5 31. Qc1 Ra7 32. Nc6 Ra8 33. Bc4 g5 34.
Be2 Qg6 35. Bf3 Rc8 36. Qc4 Nc7 37. Na7 Re8 38. Qxc7 Rxe1+ 39. Bxe1 Qb1 40. Qc3
Bg7 41. Qd2 Qa1 42. Nb5 h5 43. Nxd6 g4 44. hxg4 hxg4 45. Be4 g3 46. Kf1 gxf2
47. Kxf2 Qe5 48. Bf3 Qc5+ 49. Kf1 Bf8 50. Ne4 Qb5+ 51. Qe2 Qe5 52. Bc3 Nxe4 53.
Bxe5 1-0

[Event "Madrid ch Veteranos 2021"]
[Site "Madrid ESP"]
[Date "2021.04.07"]
[Round "2.14"]
[White "Martinez Martinez, Javier II"]
[Black "Suarez Mencia, Roberto"]
[Result "1-0"]
[WhiteElo "1585"]
[BlackElo "1364"]
[PlyCount "77"]
[EventDate "2021.04.06"]
[EventType "swiss"]
[EventRounds "7"]
[EventCountry "ESP"]
[SourceTitle "Ajedrez en Madrid"]
[Source "lmi"]
[SourceDate "2021.04.06"]
[SourceVersion "1"]
[SourceVersionDate "2021.04.18"]
[SourceQuality "1"]

1. d4 Nf6 2. Nf3 g6 3. c4 Bg7 4. Nc3 d6 5. g3 Nbd7 6. Bg2 c6 7. O-O O-O 8. e4
e5 9. d5 cxd5 10. cxd5 a6 11. b3 Re8 12. Bb2 Nc5 13. Qe2 Qa5 14. Nd2 b5 15. a3
Qc7 16. Rac1 Qe7 17. Na2 Bg4 18. f3 Bc8 19. Nb4 Bd7 20. Nc6 Bxc6 21. dxc6 Qc7
22. b4 Ne6 23. Nb3 Bh6 24. Rc2 Qb6+ 25. Kh1 Rac8 26. Na5 Be3 27. f4 Bd4 28.
fxe5 Bxb2 29. Rxb2 Nd4 30. Qf2 Ng4 31. Qxf7+ Kh8 32. exd6 Red8 33. d7 Ra8 34.
Nb7 Nxc6 35. Nxd8 Rxd8 36. h3 Qd4 37. hxg4 Qxb2 38. e5 Nxe5 39. Qf6+ 1-0

[Event "Madrid ch Veteranos 2021"]
[Site "Madrid ESP"]
[Date "2021.04.07"]
[Round "2.15"]
[White "Millan Tabuenca, Agustin"]
[Black "Villodre Miranda, Juan Alonso"]
[Result "1-0"]
[WhiteElo "1136"]
[BlackElo "1572"]
[PlyCount "53"]
[EventDate "2021.04.06"]
[EventType "swiss"]
[EventRounds "7"]
[EventCountry "ESP"]
[SourceTitle "Ajedrez en Madrid"]
[Source "lmi"]
[SourceDate "2021.04.06"]
[SourceVersion "1"]
[SourceVersionDate "2021.04.18"]
[SourceQuality "1"]

1. c4 c5 2. g3 Nc6 3. Bg2 g6 4. Nc3 Bg7 5. e3 e5 6. Nge2 Nge7 7. O-O O-O 8. a3
a5 9. Ne4 d6 10. N2c3 f5 11. Ng5 h6 12. Nf3 e4 13. Ne1 d5 14. cxd5 Nxd5 15. f3
Nxc3 16. bxc3 Kh7 17. fxe4 Bxc3 18. Rb1 fxe4 19. Rxf8 Qxf8 20. dxc3 Qe7 21. Qa4
Bf5 22. h3 h5 23. g4 hxg4 24. hxg4 Qh4 25. Rxb7+ Kh8 26. Nc2 Nd8 27. Qe8# 1-0

[Event "Madrid ch Veteranos 2021"]
[Site "Madrid ESP"]
[Date "2021.04.07"]
[Round "2.16"]
[White "Ghavami, Mahmoud"]
[Black "Plaza Plaza, Prudencio"]
[Result "1-0"]
[WhiteElo "1552"]
[BlackElo "1265"]
[PlyCount "85"]
[EventDate "2021.04.06"]
[EventType "swiss"]
[EventRounds "7"]
[EventCountry "ESP"]
[SourceTitle "Ajedrez en Madrid"]
[Source "lmi"]
[SourceDate "2021.04.06"]
[SourceVersion "1"]
[SourceVersionDate "2021.04.18"]
[SourceQuality "1"]

1. c4 Nf6 2. g3 e6 3. Nc3 d5 4. cxd5 exd5 5. d4 c6 6. Bg2 Be6 7. Nf3 h6 8. O-O
Bd6 9. Re1 O-O 10. Qc2 Nbd7 11. a3 a5 12. Nh4 Re8 13. f4 Nb6 14. Nf3 Qc8 15.
Ne5 Bf5 16. e4 dxe4 17. Nxe4 Nxe4 18. Bxe4 Bxe4 19. Rxe4 Nd5 20. Bd2 Nf6 21.
Re2 c5 22. Qb3 Qc7 23. Rc1 b6 24. Qf3 Rab8 25. h3 Qb7 26. Qxb7 Rxb7 27. dxc5
Bxc5+ 28. Kf1 Rc7 29. b4 Bd6 30. Rxc7 Bxc7 31. bxa5 bxa5 32. a4 Rb8 33. Kg2 Rb2
34. g4 Ra2 35. g5 hxg5 36. fxg5 Ne4 37. Rxe4 Rxd2+ 38. Kf3 Rd5 39. Nc6 Rf5+ 40.
Kg4 Rc5 41. Na7 Bb6 42. Nb5 g6 43. Nd6 1-0

[Event "Madrid ch Veteranos 2021"]
[Site "Madrid ESP"]
[Date "2021.04.07"]
[Round "2.17"]
[White "Salgado Duarte, Pablo"]
[Black "Garcia Granja, Jose"]
[Result "1-0"]
[WhiteElo "1472"]
[BlackElo "1041"]
[PlyCount "93"]
[EventDate "2021.04.06"]
[EventType "swiss"]
[EventRounds "7"]
[EventCountry "ESP"]
[SourceTitle "Ajedrez en Madrid"]
[Source "lmi"]
[SourceDate "2021.04.06"]
[SourceVersion "1"]
[SourceVersionDate "2021.04.18"]
[SourceQuality "1"]

1. d4 Nf6 2. c4 e6 3. Nc3 b6 4. Nf3 Bb7 5. e3 d5 6. Bd3 Be7 7. cxd5 Nxd5 8. O-O
Nd7 9. a3 O-O 10. Bd2 f5 11. Bc4 c6 12. Re1 h6 13. e4 fxe4 14. Rxe4 Rf6 15. Qe2
Nf8 16. Ne5 Bd6 17. Ng4 Rg6 18. Bd3 Nf6 19. Nxf6+ Rxf6 20. Bc4 Qd7 21. Rg4 Re8
22. Ne4 Rg6 23. Rxg6 Nxg6 24. Qg4 Kf7 25. Bd3 Nh8 26. Qh5+ Kf8 27. Nxd6 Qxd6
28. Bh7 Qd5 29. Qg4 Bc8 30. Qf4+ Ke7 31. Re1 Rf8 32. Qh4+ Rf6 33. Be4 Qxd4 34.
Bc3 g5 35. Bxd4 gxh4 36. Bxf6+ Kxf6 37. Bxc6 Ng6 38. g3 hxg3 39. fxg3 Ne5 40.
Bg2 Ba6 41. Rc1 Bd3 42. Bf1 Be4 43. b4 Bd5 44. Ba6 Nf3+ 45. Kf2 Nd4 46. Rc7 Nc6
47. Bb7 1-0

[Event "Madrid ch Veteranos 2021"]
[Site "Madrid ESP"]
[Date "2021.04.08"]
[Round "3.1"]
[White "Garcia Martin, Esteban"]
[Black "Barez Menendez, Hector"]
[Result "0-1"]
[WhiteElo "1891"]
[BlackElo "2103"]
[PlyCount "80"]
[EventDate "2021.04.06"]
[EventType "swiss"]
[EventRounds "7"]
[EventCountry "ESP"]
[SourceTitle "Ajedrez en Madrid"]
[Source "lmi"]
[SourceDate "2021.04.06"]
[SourceVersion "1"]
[SourceVersionDate "2021.04.18"]
[SourceQuality "1"]

1. c4 e6 2. Nf3 d5 3. e3 Nf6 4. b3 Be7 5. Bb2 O-O 6. Nc3 c5 7. g3 Nc6 8. Bg2 d4
9. exd4 cxd4 10. Ne2 e5 11. O-O Bf5 12. d3 Qd7 13. a3 a5 14. Re1 Rfe8 15. Kf1
Rad8 16. Neg1 Bc5 17. h3 h5 18. Nh4 Bh7 19. Bc1 e4 20. dxe4 Nxe4 21. Bd2 Qd6
22. Bxe4 Bxe4 23. Qxh5 Bd3+ 24. Kg2 Bxa3 25. Ngf3 Bb2 26. Ra2 Bc3 27. Nf5 Qg6
28. Qxg6 fxg6 29. N5h4 Rxe1 30. Nxe1 Bb1 31. Bxc3 Bxa2 32. Bd2 Bxb3 33. c5 a4
34. Bc1 d3 35. Nef3 Bd5 36. g4 Ne5 37. Bd2 a3 38. Kg3 Nxf3 39. Nxf3 Bxf3 40.
Kxf3 a2 0-1

[Event "Madrid ch Veteranos 2021"]
[Site "Madrid ESP"]
[Date "2021.04.08"]
[Round "3.2"]
[White "Gonzalez Rivera, Eduardo"]
[Black "Martin Garcia, Luis I"]
[Result "1/2-1/2"]
[WhiteElo "2017"]
[BlackElo "1831"]
[PlyCount "132"]
[EventDate "2021.04.06"]
[EventType "swiss"]
[EventRounds "7"]
[EventCountry "ESP"]
[SourceTitle "Ajedrez en Madrid"]
[Source "lmi"]
[SourceDate "2021.04.06"]
[SourceVersion "1"]
[SourceVersionDate "2021.04.18"]
[SourceQuality "1"]

1. e4 e6 2. d4 d5 3. Nd2 dxe4 4. Nxe4 Nd7 5. Bd3 Ngf6 6. Bg5 h6 7. Bh4 Be7 8.
Bxf6 Nxf6 9. Nf3 O-O 10. Qe2 c5 11. dxc5 Nd5 12. O-O Qc7 13. Rad1 Bxc5 14. Nxc5
Qxc5 15. Qe5 Qe7 16. Rfe1 Qf6 17. Qe4 g6 18. c4 Nb4 19. Bb1 Nc6 20. Re2 Re8 21.
Qe3 Kg7 22. Be4 Ne7 23. Red2 Nf5 24. Bxf5 Qxf5 25. Ne5 b6 26. h3 Re7 27. Nc6
Re8 28. Ne5 Re7 29. g4 Qf6 30. Qe4 Bb7 31. Qe3 g5 32. b4 Qf4 33. Qxf4 gxf4 34.
Rd7 Rae8 35. b5 Kf6 36. Nc6 Bxc6 37. bxc6 Rc8 38. R1d4 Rxd7 39. cxd7 Rd8 40.
Rxf4+ Ke7 41. Rd4 Rxd7 42. Rxd7+ Kxd7 43. h4 f6 44. f4 Ke7 45. Kf2 Kf7 46. Ke3
Kg6 47. h5+ Kf7 48. Ke4 Ke7 49. Kd4 Kf7 50. a4 Ke7 51. a5 bxa5 52. c5 a4 53. c6
e5+ 54. fxe5 fxe5+ 55. Kc3 e4 56. g5 e3 57. gxh6 a3 58. h7 a2 59. Kb2 a1=Q+ 60.
Kxa1 e2 61. h8=Q e1=Q+ 62. Kb2 Qb4+ 63. Kc2 Qe4+ 64. Kb3 Qd5+ 65. Kb4 a5+ 66.
Ka3 Qf3+ 1/2-1/2

[Event "Madrid ch Veteranos 2021"]
[Site "Madrid ESP"]
[Date "2021.04.08"]
[Round "3.4"]
[White "Elissalt Cardenas, Hector"]
[Black "De Luna Butz, Alberto"]
[Result "1/2-1/2"]
[WhiteElo "2286"]
[BlackElo "1689"]
[PlyCount "60"]
[EventDate "2021.04.06"]
[EventType "swiss"]
[EventRounds "7"]
[EventCountry "ESP"]
[SourceTitle "Ajedrez en Madrid"]
[Source "lmi"]
[SourceDate "2021.04.06"]
[SourceVersion "1"]
[SourceVersionDate "2021.04.18"]
[SourceQuality "1"]

1. c4 e6 2. Nc3 d5 3. d4 Nf6 4. Bg5 Be7 5. cxd5 exd5 6. e3 O-O 7. Bd3 h6 8. Bh4
c6 9. h3 Re8 10. Nge2 Ne4 11. Bxe7 Qxe7 12. Bxe4 dxe4 13. Ng3 f5 14. O-O Be6
15. f3 exf3 16. Rxf3 Rf8 17. Qd3 g6 18. e4 f4 19. Nge2 g5 20. g3 fxg3 21. Rxf8+
Qxf8 22. Rf1 Qg7 23. Nxg3 Qg6 24. Nf5 Bxf5 25. exf5 Qf7 26. f6 Nd7 27. Qf5 Rf8
28. Ne4 Qh7 29. Qe6+ Qf7 30. Qd6 Qd5 1/2-1/2

[Event "Madrid ch Veteranos 2021"]
[Site "Madrid ESP"]
[Date "2021.04.08"]
[Round "3.5"]
[White "Luque Ibañes, Manuel"]
[Black "Fernandez Garcia, Ignacio"]
[Result "1/2-1/2"]
[WhiteElo "1949"]
[BlackElo "1801"]
[PlyCount "117"]
[EventDate "2021.04.06"]
[EventType "swiss"]
[EventRounds "7"]
[EventCountry "ESP"]
[SourceTitle "Ajedrez en Madrid"]
[Source "lmi"]
[SourceDate "2021.04.06"]
[SourceVersion "1"]
[SourceVersionDate "2021.04.18"]
[SourceQuality "1"]

1. Nf3 Nc6 2. d4 d5 3. Bf4 Nf6 4. e3 Bg4 5. Nbd2 e6 6. h3 Bh5 7. Be2 Bg6 8. c3
a6 9. O-O b5 10. b4 Bd6 11. a4 Rb8 12. axb5 axb5 13. Ra6 Ne7 14. Bxd6 cxd6 15.
Qb3 O-O 16. Rfa1 Ne4 17. R1a5 Qc7 18. Nxe4 dxe4 19. Ra7 Qd8 20. Nd2 Nc6 21.
R7a6 Nxa5 22. Rxa5 Qc7 23. h4 h5 24. Bxb5 d5 25. Be2 Qe7 26. g3 Rfd8 27. b5 Rd6
28. c4 dxc4 29. Nxc4 Rd5 30. Ne5 Qc7 31. Qa3 Qc2 32. Bf1 Kh7 33. Ra7 Qd1 34.
Nxg6 fxg6 35. Qe7 Rg8 36. Qxe6 Rxb5 37. Ra6 Rb1 38. Qxg6+ Kh8 39. Kh2 Rf8 40.
Bg2 Rb2 41. Ra5 Rbxf2 42. Rxh5+ Kg8 43. Qh7+ Kf7 44. Rf5+ Rxf5 45. Qxf5+ Kg8
46. Qxe4 Qd2 47. Kh3 Qf2 48. Qd5+ Rf7 49. Qe5 Rf5 50. Qe8+ Kh7 51. Be4 g6 52.
Bg2 Rf7 53. Qe4 Rf5 54. d5 Kg7 55. Qe7+ Rf7 56. Qe5+ Kh7 57. Qg5 Rf5 58. Qe7+
Rf7 59. Qg5 1/2-1/2

[Event "Madrid ch Veteranos 2021"]
[Site "Madrid ESP"]
[Date "2021.04.08"]
[Round "3.6"]
[White "Martinez Martinez, Javier II"]
[Black "Cabañas Bravo, Juan Andres"]
[Result "0-1"]
[WhiteElo "1585"]
[BlackElo "1971"]
[PlyCount "88"]
[EventDate "2021.04.06"]
[EventType "swiss"]
[EventRounds "7"]
[EventCountry "ESP"]
[SourceTitle "Ajedrez en Madrid"]
[Source "lmi"]
[SourceDate "2021.04.06"]
[SourceVersion "1"]
[SourceVersionDate "2021.04.18"]
[SourceQuality "1"]

1. d4 Nf6 2. Nf3 d5 3. e3 g6 4. c4 Bg7 5. Nc3 O-O 6. cxd5 Nxd5 7. Bc4 Nb6 8.
Bb3 Na6 9. O-O c5 10. Qe2 Bg4 11. h3 cxd4 12. exd4 Bxf3 13. Qxf3 Bxd4 14. Rd1
Nc5 15. Bc2 Qd7 16. Be3 e5 17. Bh6 Rfe8 18. b4 Ne6 19. Ne4 Qe7 20. Nf6+ Kh8 21.
Rab1 Rec8 22. Bb3 Rc3 23. Be3 Ng5 24. Qg4 Nxh3+ 25. gxh3 Qxf6 26. Rxd4 Rxe3 27.
fxe3 exd4 28. Rf1 Qe5 29. exd4 Qe3+ 30. Rf2 Rd8 31. Qf4 Qxf4 32. Rxf4 f5 33. d5
Kg7 34. Kg2 Nxd5 35. Rf3 Nxb4 36. a3 Nd3 37. Kf1 Kf6 38. h4 Rd4 39. Rh3 h6 40.
h5 g5 41. Bc2 Ne5 42. Rh2 f4 43. Bg6 Nxg6 44. hxg6 Kxg6 0-1

[Event "Madrid ch Veteranos 2021"]
[Site "Madrid ESP"]
[Date "2021.04.08"]
[Round "3.7"]
[White "Ghavami, Mahmoud"]
[Black "Marin Aso, Jose Luis"]
[Result "0-1"]
[WhiteElo "1552"]
[BlackElo "1910"]
[PlyCount "60"]
[EventDate "2021.04.06"]
[EventType "swiss"]
[EventRounds "7"]
[EventCountry "ESP"]
[SourceTitle "Ajedrez en Madrid"]
[Source "lmi"]
[SourceDate "2021.04.06"]
[SourceVersion "1"]
[SourceVersionDate "2021.04.18"]
[SourceQuality "1"]

1. c4 e5 2. Nc3 Nf6 3. g3 d5 4. cxd5 Nxd5 5. Bg2 Nb6 6. d3 Nc6 7. Nf3 Be7 8.
O-O O-O 9. Nd2 Be6 10. Nb3 f5 11. Bxc6 bxc6 12. Be3 Kh8 13. Bc5 Bd6 14. d4 Nd7
15. Bxd6 cxd6 16. dxe5 dxe5 17. Qd6 Rf6 18. Nc5 Nxc5 19. Qxc5 Qc7 20. Rfd1 Bg8
21. b3 Rd8 22. Rxd8 Qxd8 23. Qxe5 f4 24. Rd1 Qf8 25. Rd3 Rf5 26. Qd6 fxg3 27.
Qxg3 h6 28. Rd7 Rg5 29. Rxa7 Rxg3+ 30. hxg3 Qc5 0-1

[Event "Madrid ch Veteranos 2021"]
[Site "Madrid ESP"]
[Date "2021.04.08"]
[Round "3.8"]
[White "Martinez Miura, Enrique"]
[Black "Vukotic Jovsic, Dragan"]
[Result "0-1"]
[WhiteElo "1547"]
[BlackElo "1873"]
[PlyCount "92"]
[EventDate "2021.04.06"]
[EventType "swiss"]
[EventRounds "7"]
[EventCountry "ESP"]
[SourceTitle "Ajedrez en Madrid"]
[Source "lmi"]
[SourceDate "2021.04.06"]
[SourceVersion "1"]
[SourceVersionDate "2021.04.18"]
[SourceQuality "1"]

1. e4 c5 2. Nf3 e6 3. d4 cxd4 4. Nxd4 a6 5. Be2 Qc7 6. a3 Nf6 7. Nc3 Nc6 8. Be3
Be7 9. O-O O-O 10. Nxc6 bxc6 11. Bf3 d5 12. exd5 cxd5 13. Qe2 Rb8 14. Rab1 Bc5
15. Bxc5 Qxc5 16. Rfe1 Bb7 17. Na4 Qb5 18. Qxb5 axb5 19. Nc5 Bc6 20. g3 Nd7 21.
Nxd7 Bxd7 22. c3 Rfc8 23. Rbd1 Rb6 24. Rd4 Rc4 25. Red1 Bc6 26. Be2 Rxd4 27.
Rxd4 Ra6 28. Rb4 Ra4 29. f4 Rxb4 30. axb4 f6 31. Kf2 e5 32. Ke3 Kf7 33. fxe5
fxe5 34. b3 Ke6 35. c4 d4+ 36. Kd2 e4 37. c5 Ke5 38. Bg4 g6 39. Bc8 h5 40. h4
Kf6 41. g4 Ke5 42. gxh5 gxh5 43. Ke2 Kf4 44. Kf2 d3 45. Bh3 e3+ 46. Ke1 d2+ 0-1

[Event "Madrid ch Veteranos 2021"]
[Site "Madrid ESP"]
[Date "2021.04.08"]
[Round "3.9"]
[White "Fiz Criado, Fidel"]
[Black "Salgado Duarte, Pablo"]
[Result "1-0"]
[WhiteElo "1863"]
[BlackElo "1472"]
[PlyCount "97"]
[EventDate "2021.04.06"]
[EventType "swiss"]
[EventRounds "7"]
[EventCountry "ESP"]
[SourceTitle "Ajedrez en Madrid"]
[Source "lmi"]
[SourceDate "2021.04.06"]
[SourceVersion "1"]
[SourceVersionDate "2021.04.18"]
[SourceQuality "1"]

1. d4 d5 2. e4 dxe4 3. Nc3 Nf6 4. f3 Nc6 5. d5 Ne5 6. fxe4 e6 7. Bf4 Bd6 8.
Bb5+ Bd7 9. dxe6 fxe6 10. Qd4 Bxb5 11. Bxe5 Bxe5 12. Qxe5 Bc6 13. Qxe6+ Qe7 14.
Qxe7+ Kxe7 15. O-O-O Rad8 16. Nf3 Rhe8 17. Rhe1 Kf8 18. Rxd8 Rxd8 19. Ne5 Be8
20. g4 Nd7 21. Rf1+ Kg8 22. Rd1 Kf8 23. Nb5 Ke7 24. Nxd7 Bxd7 25. Nxc7 Bxg4 26.
Rxd8 Kxd8 27. Nb5 a6 28. Nd6 b5 29. Kd2 Ke7 30. Nb7 Kf6 31. b4 Ke5 32. Ke3 g5
33. Nc5 Bc8 34. Nd3+ Kf6 35. Kd4 h5 36. c4 bxc4 37. Kxc4 Bb7 38. Kd4 g4 39. e5+
Ke7 40. Nf4 Bc6 41. Nxh5 Ke6 42. Ng7+ Kf7 43. Nf5 Bd7 44. Ke4 Kg6 45. Nd4 Bc8
46. Kd5 Kf7 47. Kd6 Ke8 48. e6 Bb7 49. Nf5 1-0

[Event "Madrid ch Veteranos 2021"]
[Site "Madrid ESP"]
[Date "2021.04.08"]
[Round "3.10"]
[White "Barahona Torrijos, Angel"]
[Black "Perales Hernandez, Manuel"]
[Result "1-0"]
[WhiteElo "1817"]
[BlackElo "1337"]
[PlyCount "31"]
[EventDate "2021.04.06"]
[EventType "swiss"]
[EventRounds "7"]
[EventCountry "ESP"]
[SourceTitle "Ajedrez en Madrid"]
[Source "lmi"]
[SourceDate "2021.04.06"]
[SourceVersion "1"]
[SourceVersionDate "2021.04.18"]
[SourceQuality "1"]

1. e4 e5 2. Nf3 Nc6 3. Nc3 a6 4. Bc4 Be7 5. O-O h6 6. d4 exd4 7. Nxd4 Ne5 8.
Bb3 d6 9. f4 Nd7 10. Bxf7+ Kxf7 11. Ne6 Qe8 12. Nxc7 Qd8 13. Qd5+ Kf8 14. Ne6+
Ke8 15. Qh5+ g6 16. Qxg6# 1-0

[Event "Madrid ch Veteranos 2021"]
[Site "Madrid ESP"]
[Date "2021.04.08"]
[Round "3.11"]
[White "Pashov, Spas Nikolov"]
[Black "Carrillo Castano, Javier"]
[Result "1-0"]
[WhiteElo "1777"]
[BlackElo "1392"]
[PlyCount "173"]
[EventDate "2021.04.06"]
[EventType "swiss"]
[EventRounds "7"]
[EventCountry "ESP"]
[SourceTitle "Ajedrez en Madrid"]
[Source "lmi"]
[SourceDate "2021.04.06"]
[SourceVersion "1"]
[SourceVersionDate "2021.04.18"]
[SourceQuality "1"]

1. e4 c6 2. d4 d5 3. exd5 cxd5 4. c4 Nf6 5. Nc3 e6 6. Nf3 Nc6 7. c5 a6 8. a3 b5
9. cxb6 Qxb6 10. b4 h6 11. Bf4 Be7 12. Be2 Qd8 13. O-O Nd7 14. Na4 Bf6 15. Bd6
Ne7 16. Rc1 O-O 17. Qc2 Ra7 18. Bc7 Qe8 19. Bd3 Bb7 20. Nc5 Qc8 21. Nxd7 Qxd7
22. Qc5 Raa8 23. Qb6 Qc8 24. Bd6 Qd8 25. Qxd8 Rfxd8 26. Bxe7 Bxe7 27. Rc7 Bd6
28. Rxb7 Rdc8 29. a4 a5 30. bxa5 Rxa5 31. Bb5 f6 32. Rb6 Rd8 33. Rc1 e5 34.
Rcc6 Bb8 35. Re6 exd4 36. Nxd4 Ba7 37. Nc6 Bxb6 38. Nxd8 Bxd8 39. Re8+ Kf7 40.
Rxd8 Ke6 41. Kf1 Ra7 42. Bc6 Ra5 43. Ke2 Rc5 44. Bb5 Rc2+ 45. Ke3 Ra2 46. g3
Ra3+ 47. Ke2 Ke5 48. Re8+ Kd4 49. Re3 Ra2+ 50. Kf3 Kc5 51. h4 Kd6 52. g4 g5 53.
hxg5 hxg5 54. Kg3 d4 55. Re4 Ra3+ 56. f3 Kd5 57. Re8 Kd6 58. Rd8+ Ke5 59. Rd7
Ra1 60. Bc6 Rd1 61. Bb5 Ra1 62. Rd8 Ra3 63. Ra8 d3 64. Rd8 f5 65. gxf5 Kxf5 66.
Rxd3 Ra1 67. Rd4 Ke5 68. Re4+ Kf6 69. Bd7 Rg1+ 70. Kf2 Ra1 71. Re6+ Kf7 72. Ra6
Ke7 73. Bb5 Ra2+ 74. Kg3 Ra1 75. Kg4 Rg1+ 76. Kf5 Rg3 77. Bc6 Kd6 78. Be4+ Kc5
79. a5 Rg1 80. Rg6 Kb5 81. a6 Ra1 82. Kxg5 Kc5 83. Rc6+ Kd4 84. Kf5 Ra5+ 85.
Ke6 Re5+ 86. Kd6 Ra5 87. Kc7 1-0